5-by-5 Logic Puzzle II Quiz Stats

 Plays Quiz Updated Jul 11, 2019

Support Sporcle.
Go Orange.
Score 0/25 Timer 05:00
17 Plays Today
cell number % Correct

d
???
100%

i
???
99.7%

x
???
99.7%

g
???
99.7%

r
???
99.7%

a
???
47%

h
???
44.4%

e
???
40.5%

f
???
39.9%

b
???
39.7%

t
???
39.4%

z
???
39.4%

c
???
38.1%
cell number % Correct

y
???
37.1%

j
???
37%

w
???
36.9%

o
???
36.4%

k
???
35%

v
???
34.2%

l
???
34%

n
???
33.8%

s
???
29.2%

p
???
28.9%

q
???
28.6%

u
???
28.3%

From the Vault

Corporate Logos by Live Animals

by biggs364

Many of these logos would be a lot more dangerous if they actually used the live versions of these animals.
Remove Ads.
Support Sporcle.
Get the best of Sporcle when you Go Orange. This ad-free experience offers more features, more stats, and more fun while also helping to support Sporcle. Thank you for becoming a member.

Show Comments

Extras

Top Quizzes Today


Score Distribution

Your Account Isn't Verified!

In order to create a playlist on Sporcle, you need to verify the email address you used during registration. Go to your Sporcle Settings to finish the process.

Report this User

Report this user for behavior that violates our Community Guidelines.

Details: